[Event "Paris GCT 2018-Blitz"]
[Site "Paris"]
[Date "2018.06.24"]
[Round "12"]
[White "Karjakin, Sergey"]
[Black "Kramnik, Vladimir"]
[Result "1-0"]
[WhiteElo "2782"]
[BlackElo "2787"]
[Annotator "TA"]
[PlyCount "137"]
[EventDate "2018.06.23"]
[EventType "tourn"]
[EventCountry "FRA"]
[SourceTitle "playchess.com"]
[Source "ChessBase"]
[SourceQuality "1"]

{[%evp 12,137,32,31,32,29,35,37,48,11,17,10,56,56,57,58,70,58,68,53,73,46,71,64,68,61,65,52,41,35,38,7,94,103,121,125,128,123,231,226,214,220,257,182,185,156,162,119,213,195,206,128,193,197,184,199,256,265,248,241,257,237,245,270,299,284,329,304,371,233,224,250,385,0,446,456,421,412,504,493,981,674,674,672,661,619,571,424,379,153,199,203,487,477,414,449,948,934,904,612,551,426,445,0,0,0,25,0,0,0,1099,0,5160,5143,29987,29986,29986,29983,29983,29984,29984,29985,29984,29984,29984,29983,29984,29985]} 1. e4 e5 2. Nf3 Nc6 3. Bb5 Nf6 4. d3 d6 5. O-O a6 (5... Bd7 6. Re1 Be7 7. c3 O-O 8. h3 Re8 9. a4 Bf8 10. Bg5 h6 11. Bh4 g5 12. Bg3 Ne7 13. Bxd7 Qxd7 {1-0 (42) Caruana,F (2784)-Naiditsch,A (2701) Karlsruhe/Baden-Baden 2018}) 6. Bxc6+ {C66: Spanische Partie (Verbesserte Steinitz-Verteidigung)} bxc6 7. Re1 {LiveBook: 3 Partien} Bg4 8. Nbd2 {Weiß steht etwas besser.} Be7 9. h3 Bh5 10. Nf1 (10. g4 $5 {[%cal Rg4h5]} Bg6 11. d4 $11) 10... Nd7 $146 ({Vorgänger:} 10... h6 11. Ng3 Bg6 12. c3 O-O 13. d4 {½-½ (67) Fridthjofsdottir,S (1810)-Leosson,A Mosfellsbaer 2010}) 11. Ng3 Bg6 (11... Bxf3 $5 12. Qxf3 g6 $11) 12. d4 O-O 13. dxe5 dxe5 14. Be3 Bd6 15. Qe2 a5 16. Rad1 Qb8 17. b3 a4 18. Nh4 axb3 19. cxb3 Nc5 20. Nxg6 hxg6 21. Rc1 (21. Bxc5 $5 Bxc5 22. Rc1 $11) 21... Na6 (21... Ne6 $11) 22. h4 $16 Qb5 {[#]} 23. Rc4 $1 Nb8 24. h5 Nd7 (24... c5 $16 {war nötig.}) 25. hxg6 $18 fxg6 26. Qg4 Rf7 27. Re2 Nf8 28. Nf1 {[%cal Bg3f1,Bf1h2,Bh2f3][%mdl 32]} c5 29. Nh2 Qe8 (29... Qd7 $16) 30. Nf3 ({Keinesfalls} 30. Bxc5 Ne6) 30... Ne6 31. Qxg6 Rf6 (31... Rf8 $16 32. Qg4 Nd4) 32. Qxe8+ Rxe8 33. Ne1 Kf7 (33... Ra8 $142 34. Nd3 Ra5) 34. Nd3 Rh8 35. f3 (35. Nxc5 Bxc5 36. Bxc5 Nf4 $14) 35... g5 36. Nxc5 Bxc5 37. Bxc5 Rfh6 38. Be3 Rh1+ 39. Kf2 c5 40. a4 Rb1 41. Bxc5 Rhh1 (41... g4 {war einen Versuch wert.} 42. fxg4 Rxb3) 42. Be3 $2 (42. Rd2 $18) 42... Rhf1+ $2 {[%mdl 8192]} (42... Nf4 $1 $11 {und Schwarz ist OK.} 43. Rec2 Rbf1+ 44. Kg3 Rh4 45. Rc7+ Kg8 46. Rc8+ Kf7 47. R8c7+ (47. R2c7+ Kf6 $11) 47... Ke8 48. Rc8+ Kf7 49. R8c7+ (49. R2c7+ Kf6 $11)) 43. Kg3 Rxb3 44. a5 Ra3 45. Bb6 Nf4 (45... Rd1 $142 46. Rb2 Rd6) 46. Rc7+ Kg6 47. Rec2 {Weiss droht T2c6+ und Matt.} Nh5+ 48. Kh2 g4 {Droht stark ...g3+.} 49. fxg4 Nf6 {[%cal Rf6g4]} 50. g3 (50. R2c6 $18) 50... Nxg4+ {[#]} 51. Kg2 $1 {[%cal Rg2f1]} Rff3 $2 (51... Rd1 {war angesagt.} 52. R7c3 Rda1) 52. R2c6+ Nf6 53. Bf2 Kg5 (53... Kh5 $142 54. a6 Ng4 55. Rh7+ Kg5 56. Rg7+ Kh5) 54. Rg7+ Kh6 55. Rf7 Kg6 56. Rb7 Kg5 57. Rb5 $2 (57. Be1 $18) 57... Ng4 $11 58. Be1 {Schwarz muss nun Ld2+ beachten.} Rfd3 59. Rb2 {Droht Te6 und aus.} Ne3+ 60. Kh3 Ng4 $2 {[%mdl 8192]} (60... Rd8 $11 61. Kh2 Rd1) 61. a6 $2 (61. Rb7 $18 {Weiss will mit Tf7 Matt setzen.} Nf6 62. Rg7+ Kh6 63. Rf7) 61... Kh5 $2 {[%mdl 8192]} (61... Ra1 $11 62. Rc3 Rxa6 63. Rxd3 Rh6+ 64. Kg2 Rh2+ 65. Kf3 Rxb2) 62. Rb8 $18 {jetzt Th8+ und aus.} Re3 63. Rh8+ {Weiß setzt Matt.} Kg5 64. Bd2 Nf2+ 65. Kg2 Nxe4 66. Bxe3+ Rxe3 67. a7 Rxg3+ 68. Kf1 Ra3 69. a8=Q {Precision: Weiß = 61%, Schwarz = 30%.} 1-0

[Event "Paris GCT 2018-Blitz"]
[Site "Paris"]
[Date "2018.06.24"]
[Round "12"]
[White "Nakamura, Hikaru"]
[Black "Grischuk, Alexander"]
[Result "1/2-1/2"]
[WhiteElo "2769"]
[BlackElo "2766"]
[Annotator "TA"]
[PlyCount "96"]
[EventDate "2018.06.23"]
[EventType "tourn"]
[EventCountry "FRA"]
[SourceTitle "playchess.com"]
[Source "ChessBase"]
[SourceQuality "1"]

{[%evp 9,96,0,4,-5,0,0,10,0,1,0,8,8,10,0,0,0,27,8,8,16,43,35,37,29,34,40,43,41,41,33,45,29,30,27,22,14,38,17,17,7,22,17,27,0,31,7,6,0,15,9,0,6,12,-10,55,55,66,22,31,0,0,0,0,0,199,179,188,116,99,26,10,-3,0,0,0,0,0,0,0,0,0,0,0,0,0,0,0,0,0]} 1. e4 c5 2. Nf3 d6 3. Nc3 Nf6 4. h3 a6 5. a4 (5. d4 cxd4 6. Nxd4 e6 7. g4 Be7 8. g5 Nfd7 9. h4 b5 10. a3 Bb7 11. Be3 O-O 12. Qd2 d5 13. exd5 Nb6 14. Rg1 Nxd5 15. Nxd5 Bxd5 {½-½ (44) Neagu,L (2546)-Mueller,G (2582) ICCF email 2013}) 5... Nc6 6. d4 {B50: Sizilianisch (Verschiedenes mit 2...d6)} cxd4 7. Nxd4 g6 8. Nxc6 $146 ({Vorgänger:} 8. Be2 Bg7 9. O-O O-O 10. Be3 Bd7 11. Qd2 Rc8 12. Nxc6 Bxc6 13. Bf3 Nd7 14. Bh6 Bxh6 15. Qxh6 Qb6 16. Rab1 Ne5 17. Be2 Qd4 18. Rfd1 Qb4 19. Qe3 {0-1 (48) Balazs,T (2051)-Andor,L (2123) Hungary 2008}) 8... bxc6 9. Bc4 Qc7 10. a5 Bg7 11. O-O O-O 12. Be3 Nd7 13. Bd4 Bxd4 14. Qxd4 Qa7 15. Qd2 Rb8 16. b3 Ne5 17. Be2 $1 Be6 18. Kh2 Nd7 19. f4 f6 20. Na4 Kg7 21. Bd3 Bf7 22. Qe2 Ra8 (22... Qc7 {is interesting.} 23. Nc3 Ra8 24. g3 Rfb8 25. Kg2 e6) 23. Bc4 Bxc4 24. Qxc4 Qc7 25. Nc3 Qb7 26. Rae1 {[%cal Ba1e1,Be1e3,Be3e7,Be7e6][%mdl 32]} Rf7 27. Ne2 Qb5 28. Qc3 c5 29. Qa1 Qc6 30. Nc3 Rb8 31. Re3 Rb4 (31... c4 $11) 32. Nd5 $36 {[%mdl 2048] Weiss drückt.} Rd4 33. Qe1 {[#] Und weiter mit c3 wäre nett.} f5 $1 {[%cal Rf5e4]} 34. Nc3 {Schwarz muss nun exf5 beachten.} e6 $1 35. exf5 exf5 36. Re7 {Und De6 würde nun gewinnen.} d5 $2 (36... Kf8 $11 37. Re8+ Kg7) 37. Re6 $18 Qb7 38. Qa1 (38. Rd6 $18) 38... Nf6 $16 39. Na4 (39. Rb6 $16 Qc8 40. Re1) 39... Qc7 $11 40. Qe1 {Die Stellung ist ausgeglichen.} Rxf4 41. Rxf4 Qxf4+ 42. Kg1 Ne4 {[#]} 43. Nxc5 $1 {[%mdl 512]} Nxc5 44. Qc3+ Kh6 45. Qxc5 Qc1+ 46. Kh2 Qf4+ 47. Kg1 Qc1+ 48. Kh2 Qf4+ {Precision: Weiß = 42%, Schwarz = 54%.} 1/2-1/2

[Event "Paris GCT 2018-Blitz"]
[Site "Paris"]
[Date "2018.06.24"]
[Round "12"]
[White "Aronian, Levon"]
[Black "Caruana, Fabiano"]
[Result "1-0"]
[WhiteElo "2764"]
[BlackElo "2816"]
[Annotator "TA"]
[PlyCount "95"]
[EventDate "2018.06.23"]
[EventType "tourn"]
[EventCountry "FRA"]
[SourceTitle "playchess.com"]
[Source "ChessBase"]
[SourceQuality "1"]

{[%evp 19,95,39,40,21,7,5,21,23,23,23,22,8,28,0,0,-45,0,-47,-47,-45,-32,-64,-56,-79,-65,-53,-35,-41,-1,-64,23,-14,-17,-11,-35,-20,0,0,0,0,-5,-10,-11,-37,0,0,0,-10,21,11,168,0,0,0,38,42,42,0,0,0,0,0,0,0,0,0,209,65,80,0,0,0,0,0,12838,12839,12839,12839]} 1. e4 c5 2. Nf3 e6 3. d4 cxd4 4. Nxd4 a6 5. Bd3 Bc5 6. Nb3 Be7 7. Qg4 g6 8. Qe2 d6 {B42: Sicilian: Kan Variation: 5 Bd3} 9. a4 (9. O-O Nd7 10. a4 b6 11. Na3 Ngf6 12. Bh6 Bf8 13. Bxf8 Kxf8 14. Nc4 Qc7 15. f4 d5 16. exd5 Nxd5 {1-0 (32) Leko,P (2691)-Svidler,P (2765) Riadh 2017}) 9... Nc6 10. O-O Ne5 {LiveBook: 67 Games. White is slightly better.} 11. Kh1 $146 ({Predecessor:} 11. h3 Bd7 12. Nc3 Rc8 13. Rd1 Nf6 14. Bh6 Nh5 15. Qe3 g5 16. Be2 {1-0 (48) Hamdouchi,H (2580)-Fedorchuk,S (2637) Brest 2018}) 11... Nf6 12. Nc3 Bd7 13. f4 Nxd3 14. cxd3 O-O 15. Be3 b5 16. a5 Bc6 17. Rf3 Re8 18. Rh3 Bf8 19. Rf1 Bg7 20. Na2 Bb7 21. Nb4 Rc8 22. Bd4 Qe7 23. Bc3 h5 24. Qe1 ({Better is} 24. Rg3 $11) 24... e5 (24... Ng4 $1 $15) 25. fxe5 dxe5 26. Rhf3 Qe6 27. Na1 {[%cal Bb3a1,Ba1c2,Bc2e3,Be3d5][%mdl 32]} Rc7 28. Nac2 Rd7 29. Ne3 Ng4 30. Ned5 f5 31. h3 Nh6 32. Qf2 f4 33. d4 g5 {And now ...exd4 would win.} 34. dxe5 Bxe5 $2 (34... Rf7 $1 $11) 35. Bxe5 $2 (35. Nd3 $1 $18 {[%cal Rd3e5]} Bxc3 36. Nc5) 35... Qxe5 $11 36. Nd3 Qd6 37. Nc5 Bxd5 38. Nxd7 Bxe4 39. Qb6 Qxd7 40. Qxh6 Bxf3 41. Rxf3 {[%mdl 4096] Endgame Strongly threatening Qg6+. KQR-KQR} Qg7 42. Qxh5 Re6 $2 {[#]} (42... Re1+ $11 {and Black is okay.} 43. Kh2 Re3) 43. Rd3 (43. Rc3 $1 $18 {[%cal Rc3c8] White threatens Rc8+ and mate.} Qe7 44. Rc8+ Kg7 45. Qh8+ Kg6 46. Rg8+ Kf5 47. Qc3) 43... Qe7 $1 $14 {[#]} 44. Rd5 (44. Kh2 $1 $16 Kg7 45. Rc3) 44... Re5 45. Qg6+ Kh8 46. Rd6 Qf8 $2 {[%mdl 8192]} (46... Re1+ $11 47. Kh2 Rh1+ 48. Kxh1 Qe1+ 49. Kh2 Qg3+ 50. Kh1 Qe1+ 51. Kh2 Qg3+ 52. Kh1 Qe1+) 47. Qh5+ $18 Kg8 48. Rg6+ {Precision: White = 40%, Black = 50%.} 1-0

[Event "Paris GCT 2018-Blitz"]
[Site "Paris"]
[Date "2018.06.24"]
[Round "13"]
[White "Caruana, Fabiano"]
[Black "Mamedyarov, Shakhriyar"]
[Result "0-1"]
[WhiteElo "2816"]
[BlackElo "2808"]
[Annotator "TA"]
[PlyCount "96"]
[EventDate "2018.06.23"]
[EventType "tourn"]
[EventCountry "FRA"]
[SourceTitle "playchess.com"]
[Source "ChessBase"]
[SourceQuality "1"]

{[%evp 9,96,12,59,28,50,42,52,50,52,-47,9,31,61,6,17,15,7,13,12,0,208,70,125,-48,-40,-50,29,-67,156,-157,-156,-135,-23,-40,262,-511,-161,-158,-153,-148,-148,-273,-225,-378,-268,-269,-207,-284,-276,-272,-276,-262,-206,-221,-177,-236,-235,-232,-227,-225,-222,-255,-236,-294,-253,-341,-318,-316,-318,-498,-333,-484,-475,-776,-768,-634,-587,-1283,-1274,-1117,-1067,-1033,-1025,-970,-878,-870,-830,-679,-643]} 1. e4 d6 2. d4 Nf6 3. Nc3 g6 4. Be3 c6 5. f4 (5. Qd2 b5 6. Bd3 Nbd7 7. Nf3 Bb7 8. O-O Bg7 9. Bh6 Bxh6 10. Qxh6 e5 11. Ne2 Qe7 12. Rfe1 Ng4 13. Qd2 O-O 14. h3 Ngf6 15. a4 a6 16. c3 Rfe8 {1-0 (48) Kryvoruchko,Y (2689)-Duda,J (2717) Riadh 2017}) 5... b5 6. Bd3 {B07: Pirc Defence: Miscellaneous Systems} Ng4 $146 ({Predecessor:} 6... a6 7. Nf3 Bb7 8. Qd2 Bg7 9. e5 Ng4 10. Bg1 c5 11. dxc5 dxe5 12. O-O-O Qc7 {1-0 (37) Nebolsina,V (2310)-Skripchenko,A (2456) Moscow 2010}) 7. Bd2 e5 8. dxe5 {White is slightly better.} dxe5 {...Bc5 is the strong threat.} 9. Qf3 (9. f5 $14 Nf6 10. Nf3) 9... exf4 (9... Bc5 $15 10. Nh3 Qh4+ 11. Qg3 Qxg3+ 12. hxg3 O-O) 10. Bxf4 $11 Bg7 11. O-O-O (11. Qg3 $14) 11... O-O 12. Bxb5 Qa5 $36 {[%mdl 2048] Black has some pressure.} 13. Bc4 Bxc3 14. bxc3 Na6 $2 (14... Ne5 $11 {and Black is okay.} 15. Bxe5 Qxe5) 15. Ne2 (15. Bd6 $18 Qg5+ 16. Kb1) 15... Nc5 ({Black should try} 15... Ne5 $1 $14 16. Bxe5 Qxe5) 16. Rhf1 $2 (16. Bd6 $16 Qa3+ 17. Kb1) 16... Qa3+ $1 $15 {[%mdl 1024] Black has compensation.} 17. Kd2 Qa4 (17... Nf6 $1 $15 18. Be5 Ncxe4+ 19. Ke1 Bf5 20. Bxf6 Nxf6 21. Qxc6 Ng4 22. Bxf7+ Kxf7) 18. Bd3 (18. Bb3 $1 $11 Qxe4 19. Nd4) 18... Nf6 $2 (18... f5 $1 $15 19. Bd6 Nxd3 20. cxd3 (20. Qxd3 $2 Rd8 $19) 20... Rf6 21. Qxg4 Qxa2+ 22. Ke3 f4+ 23. Qxf4 Rxf4 24. Nxf4 (24. Rxf4 Bg4 $15) 24... Bg4) 19. Ke1 $2 (19. Bh6 $1 $16 Ncxe4+ 20. Bxe4 Nxe4+ 21. Ke1) 19... Bg4 $17 20. Qe3 Ncxe4 (20... Nfxe4 $17 21. Bxe4 Qxe4) 21. Qd4 $1 $11 {[%cal Rd4a4]} Qa5 $2 {[%mdl 8192]} (21... Qxd4 $15 22. cxd4 Bxe2 23. Bxe2 Nd5) 22. Qb4 $4 {[%mdl 8192]} (22. Bxe4 $18 Rfe8 23. Bf3 (23. Qxf6 Rxe4 24. Rf2 Re6 $16)) 22... Qxb4 $2 (22... Qh5 23. Qc4 Rfe8) 23. cxb4 $19 {[#]} Rfe8 $1 24. h3 Bxe2 $1 25. Bxe2 (25. Kxe2 $17 Nc3+ 26. Kf3) 25... Nd5 26. Rd3 $2 (26. Rxd5 {is a better defense.} cxd5 27. Rf3) 26... Nxb4 27. Rb3 Nxc2+ 28. Kd1 Nd4 29. Re3 Nxe2 30. Kxe2 Nc3+ 31. Kd3 Nxa2 32. Kc4 (32. Rxe8+ $142 Rxe8 33. Bd2 Rd8+ 34. Ke2 Re8+ 35. Kd3) 32... a5 33. Ra1 Rxe3 34. Bxe3 {[%mdl 4096] Endgame KRB-KRN} Nb4 {aiming for ...Nc2.} 35. Bh6 f6 36. Kc5 Kf7 {White must now prevent ...g5.} 37. h4 Nd3+ 38. Kxc6 a4 {[%cal Ba5a4,Ba4a3][%mdl 32]} 39. Kb5 (39. Kb7 $142 Ra5 40. Bd2 Rb5+ 41. Kc7) 39... a3 40. Kc4 (40. Bd2 $142) 40... Ne5+ {Black is clearly winning.} 41. Kb3 {[#]} (41. Kd4 $142 Ra4+ 42. Kc3) 41... g5 $1 42. hxg5 {[#]} Kg6 $1 43. gxf6 Kxh6 {KRN-KR} 44. Ka2 Kg6 45. Rf1 Nf7 46. Rf3 Ra6 47. Rg3+ Kxf6 48. Rh3 h6 {Precision: White = 23%, Black = 38%.} 0-1

[Event "Paris GCT 2018-Blitz"]
[Site "Paris"]
[Date "2018.06.24"]
[Round "13"]
[White "Vachier-Lagrave, Maxime"]
[Black "Nakamura, Hikaru"]
[Result "1/2-1/2"]
[WhiteElo "2789"]
[BlackElo "2769"]
[Annotator "TA"]
[PlyCount "164"]
[EventDate "2018.06.23"]
[EventType "tourn"]
[EventCountry "FRA"]
[SourceTitle "playchess.com"]
[Source "ChessBase"]
[SourceQuality "1"]

{[%evp 23,163,4,6,15,7,8,0,0,7,0,13,0,0,0,0,0,0,0,0,0,0,-24,-24,-78,-40,-183,-95,-395,0,-174,0,-378,-108,-279,0,0,0,0,0,8,13,0,0,-91,-91,-80,-77,-77,-87,-168,-160,-147,-170,-148,-41,-41,-41,-45,-45,-45,-45,-45,-45,-59,-33,-67,-33,-67,-67,-67,-67,-67,-40,-67,-67,-67,-40,-48,-41,-48,-48,-48,-41,-47,-16,-16,-16,-16,-16,-16,-8,-16,-16,-16,-13,-16,0,0,0,-8,-8,-8,0,0,0,-4,0,-11,0,0,0,0,0,0,0,0,0,0,0,0,0,0,0,0,0,0,0,0,0,0,0,0,0,0,0,0,0,0,0,0,0,0]} 1. Nf3 d5 2. g3 Nf6 3. Bg2 e6 4. O-O Be7 5. c4 O-O 6. d4 dxc4 7. Qc2 b5 8. a4 {E05: Open Catalan: 5 Nf3 Be7} b4 9. Ne5 Qxd4 10. Nxc4 c6 11. Rd1 Qc5 12. Be3 (12. b3 Ba6 13. Nbd2 Nbd7 14. Bb2 Rad8 15. Rac1 Nb6 {½-½ (64) Ding,L (2781)-Wei,Y (2738) Danzhou 2017}) 12... Qh5 {LiveBook: 9 Games} 13. Nbd2 Ng4 14. Nf1 Nxe3 15. Nfxe3 a5 $146 ({Predecessor:} 15... Ba6) 16. Rd2 Ba6 17. Rad1 Ra7 18. b3 Bf6 19. h4 Qc5 20. Qe4 Qe7 21. Rd6 c5 22. Bf3 Bd4 23. Rb6 (23. Kg2 $11 {keeps the balance.}) 23... Nd7 24. Rd6 {[#]} ({White should play} 24. Rxa6 $1 $15 Rxa6 25. Qb7) 24... Ne5 $1 {[%mdl 512]} 25. Rb6 $2 {[%mdl 8192]} (25. Qxe5 $17 Bxe5 26. Nxe5) (25. Nxe5 Qxd6) 25... Nd7 (25... Bxc4 $142 26. bxc4 h6 27. Rxd4 cxd4 28. Qxd4 Nxf3+ 29. exf3 Rb7) 26. Rd6 $19 {[#]} Ne5 $1 {[%mdl 512]} 27. Rb6 $1 (27. Nxe5 Qxd6) 27... Qc7 $2 (27... Bxc4 $19 28. bxc4 Rd7) 28. Rxd4 $2 (28. Qf4 $17) 28... cxd4 $2 (28... Nxf3+ $19 29. exf3 cxd4 30. Qxd4 Rd8) 29. Qxe5 $11 Qxe5 30. Nxe5 dxe3 31. Nc6 Raa8 $1 32. fxe3 Rfe8 33. Ne7+ (33. Kf2 $11) 33... Kf8 $17 34. Bxa8 Rxa8 {[%mdl 4096] Endgame KRB-KRN} 35. Nc6 Bxe2 {And now ...Bd1 would win.} 36. Kf2 (36. Ne5 $17) 36... Bd1 $19 37. Nd4 e5 38. Ke1 {[#]} exd4 ({Black should try} 38... Bg4 $1 $17 39. Nb5 Rc8) 39. Kxd1 $15 dxe3 $17 {KR-KR} 40. Ke2 Rc8 41. Rb5 Rc3 42. Rxa5 Rxb3 43. Rb5 g6 44. a5 Kg7 45. a6 {Ra5 is the strong threat.} Ra3 46. Rxb4 Rxa6 47. Kxe3 Rf6 48. Rb5 Rf5 49. Rb6 Kh6 50. Rb4 Rf6 51. Rb5 Rf1 52. Ke2 Rf5 (52... Rh1 {keeps more tension.} 53. Kf2 Rh2+ 54. Kf1 Ra2 55. Kg1 Rd2) 53. Rb4 f6 54. g4 {The position is equal.} Ra5 {White should prevent ...Ra3.} 55. Kf3 Ra3+ 56. Kg2 $1 f5 57. Rf4 Ra5 58. Kg3 Kg7 59. gxf5 gxf5 60. Rb4 Kg6 61. Rb7 Ra3+ 62. Kg2 h6 63. Rb5 Rc3 64. Ra5 Rd3 65. Rb5 f4 {[%cal Bf5f4,Bf4f3][%mdl 32]} 66. Ra5 Rg3+ 67. Kh2 h5 68. Rb5 Rg4 69. Kh3 f3 70. Rb3 Rf4 {Threatens to win with ...f2.} (70... f2 $5 71. Rf3 $8 Rb4 72. Rxf2 Re4 $11) 71. Rb1 Kf5 72. Kg3 {Hoping for Rb5+.} f2 73. Rf1 Rg4+ (73... Ke4 {with more complications.} 74. Rxf2 Rxf2 75. Kxf2 Kf5 76. Kg2 Kf4) 74. Kxf2 Rf4+ 75. Kg2 Rxf1 76. Kxf1 $11 {KP-KP} Kg4 77. Kg2 Kxh4 78. Kh2 Kg4 79. Kg2 h4 80. Kh2 {[%cal Bg2h2,Bh2g1,Bg1h1][%mdl 32]} h3 81. Kg1 Kg3 82. Kh1 h2 $2 {[%mdl 8192] Precision: White = 47%, Black = 47%.} (82... Kf4) 1/2-1/2

[Event "Paris GCT 2018-Blitz"]
[Site "Paris"]
[Date "2018.06.24"]
[Round "13"]
[White "Kramnik, Vladimir"]
[Black "Grischuk, Alexander"]
[Result "1/2-1/2"]
[WhiteElo "2787"]
[BlackElo "2766"]
[Annotator "TA"]
[PlyCount "160"]
[EventDate "2018.06.23"]
[EventType "tourn"]
[EventCountry "FRA"]
[SourceTitle "playchess.com"]
[Source "ChessBase"]
[SourceQuality "1"]

{[%evp 19,160,0,0,0,26,0,13,12,14,0,0,-14,-7,0,11,11,17,6,27,11,28,14,19,25,27,0,0,0,42,0,9,0,0,0,0,0,0,0,0,0,26,0,0,0,0,0,0,0,0,-8,0,0,-4,-8,0,0,0,-6,0,-9,0,0,0,0,0,0,0,0,0,0,0,0,0,0,0,-8,-8,-8,0,-2,0,-26,-27,-27,-29,-11,0,0,0,0,0,0,0,0,0,0,0,-7,-7,-8,-8,-8,-8,-8,-8,-8,-8,-8,0,-8,-8,-8,-8,-8,-8,-8,-8,-8,-8,-8,0,-8,-8,-8,-8,-8,-8,-8,-8,-8,-9,-24,-8,-8,-8,-8,-8,-8,-8,-8,-8,-8,-8]} 1. d4 Nf6 2. Nf3 g6 3. g3 Bg7 4. Bg2 O-O 5. O-O d6 6. Re1 Nbd7 7. e4 e5 8. Nc3 Re8 9. h3 c6 10. a4 b6 {LiveBook: 5 Partien. B07: Pirc-Ufimzew-Verteidigung} (10... Qc7 11. Be3 b6 12. Qd2 Bb7 13. Rad1 Rad8 14. Bg5 a6 15. h4 b5 16. axb5 axb5 17. b3 Qb8 18. dxe5 dxe5 19. Bh3 {½-½ (102) Hou,Y (2680)-Adhiban,B (2655) Wijk aan Zee 2018}) 11. Bg5 Bb7 12. Qd2 Qc7 13. Rad1 a6 14. dxe5 (14. h4 {with more complications.} exd4 15. Nxd4 Ng4 16. Nf3 Bf8 17. Nh2) 14... dxe5 15. Qd6 Qxd6 16. Rxd6 h6 $146 ({Vorgänger:} 16... Bf8 17. Rd3 Kg7 18. Red1 {½-½ (36) Kuznetsov,M (2179)-Bykov,E (2062) Moscow 2007}) 17. Bxf6 Nxf6 18. Nd2 Rad8 19. Nc4 Rxd6 20. Nxd6 Re7 $1 21. Rd1 Bf8 $1 22. Nxb7 Rxb7 23. Rd8 Rc7 24. Bf1 a5 25. Bd3 Kg7 26. Kg2 Be7 27. Ra8 Nd7 28. Bc4 Nc5 29. b3 Nb7 30. Ra7 (30. Ba6 $5 {[%cal Ra8a7]} Nc5 31. Bc4 $11) 30... Bd6 31. Ba6 Nc5 32. Rxc7 Bxc7 $11 {[%mdl 4096] Endspiel KLS-KLS} 33. Bc8 Kf6 34. h4 h5 35. Kf3 Ke7 36. Nd1 $1 Kd8 37. Bh3 Bd6 38. Nb2 b5 39. Ke3 bxa4 40. bxa4 Bc7 41. Bf1 Bb6 {[#] Droht stark ...Sxa4+.} 42. Kf3 Ke7 43. Bc4 f5 44. exf5 gxf5 45. Be2 Kf6 46. Kg2 Kg6 $1 47. Bf3 e4 48. Be2 Ne6 49. c3 f4 {[#] Und weiter mit ...f3+ wäre nett.} 50. f3 fxg3 51. Kxg3 Bc7+ 52. Kf2 Bb6+ 53. Kf1 Nc5 54. fxe4 Bd8 ({Falsch wäre} 54... Nxe4 $2 55. Bd3 $18) 55. e5 Bxh4 56. Bf3 Bg3 57. Nc4 Nxa4 58. Bxc6 Nxc3 59. e6 {e7 ist eine echte Drohung.} Kf6 60. Nxa5 Kxe6 61. Kg2 Bc7 62. Nc4 Kf6 63. Ne3 Ke5 64. Be8 Ke4 65. Nf1 h4 66. Kh3 Bd8 67. Bg6+ Kf4 68. Bd3 Nd5 69. Bc4 Nc3 70. Kg2 Ne4 71. Be6 Ng5 72. Bd7 Ba5 73. Nh2 Be1 74. Nf1 Bc3 75. Bc8 Ke4 {Weiss muss nun ...Kf4 beachten.} 76. Bb7+ {Die Stellung ist ausgeglichen.} Kf5 {zielt auf ...Kf4 ab.} 77. Ne3+ Ke5 78. Bc8 Ke4 79. Nd1 Bd4 80. Nf2+ Ke5 {Precision: Weiß = 66%, Schwarz = 57%.} 1/2-1/2

[Event "Paris GCT 2018-Blitz"]
[Site "Paris"]
[Date "2018.06.24"]
[Round "13"]
[White "So, Wesley"]
[Black "Karjakin, Sergey"]
[Result "1/2-1/2"]
[WhiteElo "2778"]
[BlackElo "2782"]
[Annotator "TA"]
[PlyCount "87"]
[EventDate "2018.06.23"]
[EventType "tourn"]
[EventCountry "FRA"]
[SourceTitle "playchess.com"]
[Source "ChessBase"]
[SourceQuality "1"]

{[%evp 18,87,8,5,20,12,18,14,13,0,0,0,0,-3,0,0,0,0,6,18,21,9,14,0,0,0,0,0,0,0,0,0,0,0,0,0,0,0,0,0,0,0,0,0,0,0,0,0,0,0,0,0,0,0,0,0,0,0,0,0,0,0,0,0,0,0,0,0,0,0,0,0]} 1. e4 {Besenthal,K/Primel,D} e5 2. Nf3 Nc6 3. Bb5 Nf6 4. d3 Bc5 5. O-O Nd4 6. Nxd4 Bxd4 7. Ba4 {C65: Spanische Partie (Berliner-Verteidigung)} O-O (7... c6 8. c3 Bb6 9. Na3 d6 10. Bc2 Be6 11. Qe2 h6 12. Kh1 g5 13. Nc4 Bc7 14. Ne3 d5 {1-0 (48) Caruana,F (2822)-So,W (2778) Stavanger 2018}) 8. c3 Bb6 9. Bg5 h6 10. Bh4 {LiveBook: 6 Partien. Die Stellung ist ausgeglichen.} c6 $146 ({Vorgänger:} 10... d6 11. Kh1 g5 12. Bg3 Bg4 13. f3 Be6 14. d4 Nh5 {1-0 (60) Edouard,R (2647)-Gharamian,T (2637) Agen 2016 CBM 174 [Besenthal,K/Primel,D]}) 11. Nd2 d5 12. Bb3 dxe4 13. Nxe4 {[#] Droht Df3 und aus.} g5 $1 {[%cal Rg5h4]} 14. Bg3 Nxe4 15. dxe4 Qf6 16. Qh5 Be6 17. Bxe6 Qxe6 18. h4 Qf6 19. Rad1 Rad8 20. hxg5 hxg5 21. Qg4 Qe7 22. Rxd8 Rxd8 23. Rd1 Rxd1+ 24. Qxd1 f6 25. Kf1 Qe6 26. Qb3 Qxb3 27. axb3 $11 {[%mdl 4096] Endspiel KL-KL} a5 28. Ke2 Kf7 29. f3 Ke6 30. Be1 Bc5 31. Kd3 b5 32. b4 axb4 33. cxb4 Bd4 34. Bc3 Bb6 35. b3 Ba7 36. Bd2 Bb6 37. Be3 Bc7 38. Bc5 Kf7 39. Ke3 Kg6 40. Kf2 Bb8 41. Kg3 Bc7 42. Kg4 Bb8 43. Be7 Bc7 44. Bc5 {Precision: Weiß = 86%, Schwarz = 83%.} 1/2-1/2

[Event "Paris GCT 2018-Blitz"]
[Site "Paris"]
[Date "2018.06.24"]
[Round "13"]
[White "Anand, Viswanathan"]
[Black "Aronian, Levon"]
[Result "1/2-1/2"]
[WhiteElo "2759"]
[BlackElo "2764"]
[Annotator "TA"]
[PlyCount "58"]
[EventDate "2018.06.23"]
[EventType "tourn"]
[EventCountry "FRA"]
[SourceTitle "playchess.com"]
[Source "ChessBase"]
[SourceQuality "1"]

{[%evp 23,58,-10,-9,-10,-5,-10,-3,-12,0,-10,-14,-8,0,0,0,0,0,0,0,0,0,0,0,0,0,0,0,0,0,0,0,0,8,7,20,6,14]} 1. e4 e5 2. Nf3 Nc6 3. Bb5 Nf6 4. O-O Nxe4 5. Re1 Nd6 6. Nxe5 Be7 7. Bf1 Nxe5 8. Rxe5 O-O 9. d4 Ne8 {C67: Ruy Lopez: Berlin Defence: 4 0-0 Nxe4} 10. Re1 d5 11. Bf4 Bd6 12. Bxd6 Nxd6 {LiveBook: 6 Games. The position is equal.} 13. Nd2 $146 ({Predecessor:} 13. Bd3 Bf5 14. c3 c6 15. Bxf5 Nxf5 16. Nd2 Re8 17. Rxe8+ Qxe8 {½-½ (36) Ni,H (2703)-Ding,L (2749) Danzhou 2015}) 13... c6 14. c3 Bf5 15. Nf3 Qb6 16. Qb3 Qxb3 17. axb3 a6 18. b4 Rfe8 19. Rxe8+ Rxe8 20. Nd2 Kf8 21. f3 Ke7 22. Re1+ Kd8 23. Rxe8+ Kxe8 $11 {[%mdl 4096] Endgame KBN-KBN} 24. Kf2 Bc2 25. Be2 Kd7 26. h4 Kc7 27. Nf1 Kb6 28. Ne3 Bg6 29. Ke1 Nf5 {Precision: White = 68%, Black = 81%.} 1/2-1/2